000 00495nam a22001817a 4500
003 CEME
005 20210628202550.0
008 210122b xxu||||| |||| 00| 0 eng d
020 _a90-265-1969-9
040 _c.
082 _a004.07 COM
100 _aFincher , Sally Petre , Marian
_960521
245 _aComputer science education research
260 _aNEW YORK
_bROUTLEDGE FALMER
_c2004
300 _aVII,239 P
650 _aCOMPUTER SCIENCE EDUCATION RESEARCH
_960522
942 _cBK
_2ddc
999 _c570224
_d570224